| 000 | 00456nam a2200181Ia 4500 | ||
|---|---|---|---|
| 008 | 230524s9999 xx 000 0 und d | ||
| 020 | _a9788190630726 | ||
| 082 |
_a621.382 _bGOL |
||
| 100 | _aE W Golding | ||
| 245 | 0 | _a"Electrical Measurements & Measuring Instruments," | |
| 250 | _a2ND | ||
| 260 |
_aNEW DELHI _breem _c2009 |
||
| 300 | _aXIII;943 | ||
| 500 | _aQuantity Number: 65 | ||
| 650 | _aElectrical | ||
| 700 | _a F.C.Widdis | ||
| 942 | _cBK | ||
| 999 |
_c43712 _d43712 |
||